| 000 | 00432nam a22001577a 4500 | ||
|---|---|---|---|
| 003 | OSt | ||
| 005 | 20140717102222.0 | ||
| 008 | 140717s2014 sp ||||| |||| 00| 0 cat d | ||
| 020 | _a9788469599280 | ||
| 040 |
_bcat _cCPC Lleida |
||
| 100 |
_94575 _aCastro, Javier de, _d1963- |
||
| 245 | 1 | 0 |
_aLleida sona! _b: Instants musicals mĂ gics _cJavier de Castro |
| 260 |
_aLleida _bClamor _c2014 |
||
| 300 |
_a128 p. _c19,8 cm |
||
| 942 |
_cMON _2udc |
||
| 999 |
_c6747 _d6747 |
||